[Event "DVM U16w 2024"]
[Site "Neumünster GER"]
[Date "2024.12.27"]
[Round "1"]
[White "Halas, Neele Zoe"]
[Black "Lorenz, Veronika"]
[Result "1/2-1/2"]
[Termination "normal"]
[Board "1.1"]
[WhiteElo "1835"]
[BlackElo "1973"]
[WhiteClock "00:28:50"]
[BlackClock "00:29:31"]
[WhiteTeam "SG Leipzig"]
[BlackTeam "TSG Oberschöneweide"]
[PlyCount "85"]
[WhiteFideId "16287282"]
[BlackFideId "16277406"]
[EventCountry "GER"]
[EventRounds "7"]
[EventType "team-swiss"]
[EventDate "2024.12.26"]

1. e4 {[%clk 01:30:58]} {[%emt 00:00:01]} e5 {[%clk 01:30:59]} 2. Nf3 {[%clk
01:31:19]} {[%emt 00:00:08]} Nc6 {[%clk 01:31:28]} {[%emt 00:00:02]} 3. Bc4
{[%clk 01:31:40]} {[%emt 00:00:09]} Bc5 {[%clk 01:31:43]} {[%emt 00:00:15]} 4.
c3 {[%clk 01:32:04]} {[%emt 00:00:06]} Nf6 {[%clk 01:32:06]} {[%emt 00:00:07]}
5. d3 {[%clk 01:32:27]} {[%emt 00:00:07]} d6 {[%clk 01:32:18]} {[%emt
00:00:19]} 6. Nbd2 {[%clk 01:29:50]} {[%emt 00:03:06]} Bb6 {[%clk 01:32:16]}
{[%emt 00:00:32]} 7. O-O {[%clk 01:26:01]} {[%emt 00:04:19]} O-O {[%clk
01:31:10]} {[%emt 00:01:37]} 8. h3 {[%clk 01:18:22]} {[%emt 00:08:08]} Na5
{[%clk 01:25:30]} {[%emt 00:06:11]} 9. Bb5 {[%clk 01:16:27]} {[%emt 00:02:24]}
Bd7 {[%clk 01:24:28]} {[%emt 00:01:32]} 10. Bxd7 {[%clk 01:16:24]} {[%emt
00:00:33]} Qxd7 {[%clk 01:24:35]} {[%emt 00:00:24]} 11. b4 {[%clk 01:16:24]}
{[%emt 00:00:30]} Nc6 {[%clk 01:25:00]} {[%emt 00:00:04]} 12. Nc4 {[%clk
01:16:20]} {[%emt 00:00:34]} h6 {[%clk 01:20:27]} {[%emt 00:05:03]} 13. Qc2
{[%clk 00:54:22]} {[%emt 00:22:28]} Rfe8 {[%clk 01:17:19]} {[%emt 00:03:39]}
14. Nxb6 {[%clk 00:47:55]} {[%emt 00:06:57]} axb6 {[%clk 01:16:46]} {[%emt
00:01:03]} 15. a3 {[%clk 00:46:17]} {[%emt 00:02:08]} b5 {[%clk 01:14:57]}
{[%emt 00:02:18]} 16. Bb2 {[%clk 00:44:19]} {[%emt 00:02:28]} Ne7 {[%clk
00:37:28]} {[%emt 00:37:59]} 17. Rfe1 {[%clk 00:35:21]} {[%emt 00:09:28]} Ng6
{[%clk 00:35:50]} {[%emt 00:02:08]} 18. Rad1 {[%clk 00:28:30]} {[%emt
00:07:21]} c6 {[%clk 00:27:04]} {[%emt 00:09:15]} 19. c4 {[%clk 00:22:35]}
{[%emt 00:06:26]} Nh5 {[%clk 00:22:37]} {[%emt 00:04:56]} 20. cxb5 {[%clk
00:21:55]} {[%emt 00:01:11]} cxb5 {[%clk 00:23:03]} {[%emt 00:00:04]} 21. d4
{[%clk 00:21:20]} {[%emt 00:01:05]} Rac8 {[%clk 00:20:21]} {[%emt 00:03:12]}
22. Qd2 {[%clk 00:21:16]} {[%emt 00:00:34]} Qc6 {[%clk 00:11:54]} {[%emt
00:08:55]} 23. Rc1 {[%clk 00:20:15]} {[%emt 00:01:33]} Qa6 {[%clk 00:08:39]}
{[%emt 00:03:45]} 24. Rxc8 {[%clk 00:20:11]} {[%emt 00:00:34]} Rxc8 {[%clk
00:09:09]} 25. dxe5 {[%clk 00:19:31]} {[%emt 00:01:10]} Nxe5 {[%clk 00:09:18]}
{[%emt 00:00:20]} 26. Nxe5 {[%clk 00:16:53]} {[%emt 00:03:09]} dxe5 {[%clk
00:09:46]} {[%emt 00:00:01]} 27. Rc1 {[%clk 00:14:51]} {[%emt 00:02:32]} Rxc1+
{[%clk 00:09:39]} {[%emt 00:00:38]} 28. Qxc1 {[%clk 00:15:12]} {[%emt
00:00:08]} Qg6 {[%clk 00:08:03]} {[%emt 00:02:05]} 29. Bxe5 {[%clk 00:03:48]}
{[%emt 00:11:55]} Qxe4 {[%clk 00:08:14]} {[%emt 00:00:19]} 30. Bg3 {[%clk
00:03:53]} {[%emt 00:00:25]} Nxg3 {[%clk 00:05:15]} {[%emt 00:03:29]} 31. fxg3
{[%clk 00:04:16]} {[%emt 00:00:06]} Kh7 {[%clk 00:02:06]} {[%emt 00:03:39]} 32.
Kh2 {[%clk 00:04:12]} {[%emt 00:00:34]} Qd3 {[%clk 00:02:30]} {[%emt 00:00:07]}
33. Qc5 {[%clk 00:02:45]} {[%emt 00:01:57]} Qc4 {[%clk 00:01:58]} {[%emt
00:01:02]} 34. Qe7 {[%clk 00:02:44]} {[%emt 00:00:30]} Qd5 {[%clk 00:01:53]}
{[%emt 00:00:33]} 35. Qe8 {[%clk 00:01:50]} {[%emt 00:01:25]} g6 {[%clk
00:01:08]} {[%emt 00:01:17]} 36. Qe3 {[%clk 00:01:46]} {[%emt 00:00:34]} Kg7
{[%clk 00:00:52]} {[%emt 00:00:46]} 37. Qc3+ {[%clk 00:01:54]} {[%emt
00:00:20]} Kh7 {[%clk 00:01:20]} {[%emt 00:00:03]} 38. Qf6 {[%clk 00:01:45]}
{[%emt 00:00:38]} Qe6 {[%clk 00:01:33]} {[%emt 00:00:19]} 39. Qd8 {[%clk
00:01:47]} {[%emt 00:00:26]} Qc6 {[%clk 00:01:06]} {[%emt 00:00:58]} 40. Qd4
{[%clk 00:01:36]} {[%emt 00:00:40]} Kg8 {[%clk 00:00:42]} {[%emt 00:00:55]} 41.
Qf4 {[%clk 00:01:09]} {[%emt 00:00:55]} Kg7 {[%clk 00:29:20]} {[%emt 00:01:54]}
42. Qd4+ {[%clk 00:29:31]} {[%emt 00:02:08]} Kh7 {[%clk 00:29:31]} {[%emt
00:00:19]} 43. Qd8 {[%clk 00:28:50]} {[%emt 00:01:12]} 1/2-1/2

[Event "DVM U16w 2024"]
[Site "Neumünster GER"]
[Date "2024.12.27"]
[Round "1"]
[White "Fock, Madiha"]
[Black "Amelang, Jamie Alice"]
[Result "1-0"]
[Termination "normal"]
[Board "1.2"]
[WhiteElo "1797"]
[BlackElo "1634"]
[WhiteClock "00:12:21"]
[BlackClock "00:00:50"]
[WhiteTeam "TSG Oberschöneweide"]
[BlackTeam "SG Leipzig"]
[PlyCount "63"]
[WhiteFideId "16253574"]
[BlackFideId "34605754"]
[EventCountry "GER"]
[EventRounds "7"]
[EventType "team-swiss"]
[EventDate "2024.12.26"]

1. e4 {[%clk 01:30:57]} {[%emt 00:00:02]} e6 {[%clk 01:30:56]} {[%emt
00:00:04]} 2. d4 {[%clk 01:31:16]} {[%emt 00:00:11]} d5 {[%clk 01:31:19]}
{[%emt 00:00:07]} 3. Nd2 {[%clk 01:31:38]} {[%emt 00:00:08]} c5 {[%clk
01:31:40]} {[%emt 00:00:10]} 4. Ngf3 {[%clk 01:31:56]} {[%emt 00:00:11]} Nc6
{[%clk 01:31:03]} {[%emt 00:01:07]} 5. exd5 {[%clk 01:24:00]} {[%emt 00:08:26]}
Qxd5 {[%clk 01:28:26]} {[%emt 00:03:07]} 6. Bc4 {[%clk 01:22:01]} {[%emt
00:02:30]} Qd8 {[%clk 01:23:27]} {[%emt 00:05:29]} 7. Nb3 {[%clk 01:14:14]}
{[%emt 00:08:16]} cxd4 {[%clk 01:15:42]} {[%emt 00:08:15]} 8. Nbxd4 {[%clk
01:12:46]} {[%emt 00:01:58]} Bd7 {[%clk 01:08:44]} {[%emt 00:07:29]} 9. O-O
{[%clk 01:09:05]} {[%emt 00:04:10]} Qb6 {[%clk 00:50:14]} {[%emt 00:19:00]} 10.
c3 {[%clk 01:01:43]} {[%emt 00:07:52]} Be7 {[%clk 00:42:29]} {[%emt 00:08:16]}
11. Qe2 {[%clk 00:57:42]} {[%emt 00:04:31]} Nf6 {[%clk 00:38:45]} {[%emt
00:04:14]} 12. Bf4 {[%clk 00:50:17]} {[%emt 00:07:54]} O-O {[%clk 00:34:42]}
{[%emt 00:04:33]} 13. Rad1 {[%clk 00:46:42]} {[%emt 00:04:05]} Rfe8 {[%clk
00:28:05]} {[%emt 00:07:06]} 14. Nb5 {[%clk 00:40:58]} {[%emt 00:06:15]} Rac8
{[%clk 00:21:51]} {[%emt 00:06:44]} 15. Be3 {[%clk 00:38:34]} {[%emt 00:02:54]}
Qd8 {[%clk 00:19:15]} {[%emt 00:03:06]} 16. Bf4 {[%clk 00:34:15]} {[%emt
00:04:48]} a6 {[%clk 00:16:37]} {[%emt 00:03:09]} 17. Nd6 {[%clk 00:31:30]}
{[%emt 00:03:14]} Bxd6 {[%clk 00:16:59]} {[%emt 00:00:09]} 18. Rxd6 {[%clk
00:31:30]} {[%emt 00:00:30]} Rc7 {[%clk 00:15:39]} {[%emt 00:01:50]} 19. Bg5
{[%clk 00:27:49]} {[%emt 00:04:11]} Qe7 {[%clk 00:11:04]} {[%emt 00:05:05]} 20.
Rfd1 {[%clk 00:26:55]} {[%emt 00:01:24]} Bc8 {[%clk 00:11:11]} {[%emt
00:00:23]} 21. Qd3 {[%clk 00:24:20]} {[%emt 00:03:05]} e5 {[%clk 00:05:16]}
{[%emt 00:06:57]} 22. Bxf6 {[%clk 00:22:24]} {[%emt 00:02:54]} gxf6 {[%clk
00:05:38]} {[%emt 00:00:08]} 23. Nh4 {[%clk 00:21:25]} {[%emt 00:01:29]} Kh8
{[%clk 00:05:16]} {[%emt 00:00:52]} 24. Nf5 {[%clk 00:19:03]} {[%emt 00:02:52]}
e4 {[%clk 00:01:54]} {[%emt 00:03:53]} 25. Qh3 {[%clk 00:16:58]} {[%emt
00:02:34]} Qf8 {[%clk 00:01:17]} {[%emt 00:01:07]} 26. Qh5 {[%clk 00:16:12]}
{[%emt 00:01:15]} Ne5 {[%clk 00:01:25]} {[%emt 00:00:24]} 27. Bb3 {[%clk
00:15:45]} {[%emt 00:00:56]} Ng6 {[%emt 00:00:55]} 28. Rxf6 {[%clk 00:14:17]}
{[%emt 00:01:56]} Re5 {[%clk 00:00:57]} {[%emt 00:00:35]} 29. Qg5 {[%clk
00:11:24]} {[%emt 00:03:22]} Bxf5 {[%clk 00:00:42]} {[%emt 00:00:45]} 30. Rxf5
{[%clk 00:11:44]} {[%emt 00:00:10]} Rcc5 {[%clk 00:00:50]} {[%emt 00:00:24]}
31. Qf6+ {[%clk 00:12:02]} {[%emt 00:00:11]} Qg7 {[%clk 00:00:50]} {[%emt
00:00:29]} 32. Rd8+ {[%clk 00:12:21]} {[%emt 00:00:11]} 1-0

[Event "DVM U16w 2024"]
[Site "Neumünster GER"]
[Date "2024.12.27"]
[Round "1"]
[White "Peglau, Lorena"]
[Black "Vogt, Luna"]
[Result "0-1"]
[Termination "normal"]
[Board "1.3"]
[WhiteElo "1508"]
[BlackElo "1735"]
[WhiteClock "00:41:37"]
[BlackClock "00:46:57"]
[WhiteTeam "SG Leipzig"]
[BlackTeam "TSG Oberschöneweide"]
[PlyCount "80"]
[WhiteFideId "16290542"]
[BlackFideId "34607153"]
[EventCountry "GER"]
[EventRounds "7"]
[EventType "team-swiss"]
[EventDate "2024.12.26"]

1. c4 {[%clk 01:30:59]} {[%emt 16:11:19]} e6 {[%clk 01:30:51]} {[%emt
00:00:09]} 2. d4 {[%clk 01:31:22]} {[%emt 00:00:05]} Nf6 {[%clk 01:31:09]}
{[%emt 00:00:13]} 3. Nf3 {[%clk 01:31:42]} {[%emt 00:00:11]} c5 {[%clk
01:31:31]} {[%emt 00:00:07]} 4. Bg5 {[%clk 01:31:09]} {[%emt 00:01:03]} Nc6
{[%clk 01:31:04]} {[%emt 00:00:57]} 5. e3 {[%clk 01:31:27]} {[%emt 00:00:13]}
d5 {[%clk 01:29:39]} {[%emt 00:01:54]} 6. Nc3 {[%clk 01:31:09]} {[%emt
00:00:49]} cxd4 {[%clk 01:28:29]} {[%emt 00:01:40]} 7. Nxd4 {[%clk 01:30:03]}
{[%emt 00:01:36]} Be7 {[%clk 01:27:51]} {[%emt 00:01:07]} 8. Be2 {[%clk
01:26:04]} {[%emt 00:04:30]} O-O {[%clk 01:27:49]} {[%emt 00:00:32]} 9. O-O
{[%clk 01:26:17]} {[%emt 00:00:17]} Ne5 {[%clk 01:22:27]} {[%emt 00:05:51]} 10.
cxd5 {[%clk 01:23:38]} {[%emt 00:03:10]} exd5 {[%clk 01:22:19]} {[%emt
00:00:37]} 11. Nf3 {[%clk 01:22:18]} {[%emt 00:01:50]} Ng6 {[%clk 01:20:33]}
{[%emt 00:02:16]} 12. Qd3 {[%clk 01:18:16]} {[%emt 00:04:32]} Be6 {[%clk
01:18:12]} {[%emt 00:02:51]} 13. Rfd1 {[%clk 01:17:00]} {[%emt 00:01:47]} Qb6
{[%clk 01:14:34]} {[%emt 00:04:07]} 14. Rd2 {[%clk 01:14:47]} {[%emt 00:02:43]}
Rfd8 {[%clk 01:14:22]} {[%emt 00:00:42]} 15. Rad1 {[%clk 01:13:06]} {[%emt
00:02:12]} h6 {[%clk 01:11:41]} {[%emt 00:03:10]} 16. Bxf6 {[%clk 01:12:13]}
{[%emt 00:01:24]} Bxf6 {[%clk 01:12:04]} {[%emt 00:00:07]} 17. Nd4 {[%clk
01:10:53]} {[%emt 00:01:49]} Ne5 {[%clk 01:11:12]} {[%emt 00:01:22]} 18. Qb5
{[%clk 01:10:47]} {[%emt 00:00:37]} Qc7 {[%clk 01:04:29]} {[%emt 00:07:12]} 19.
Qb4 {[%clk 01:01:34]} {[%emt 00:09:45]} Nc6 {[%clk 01:00:02]} {[%emt 00:04:56]}
20. Qc5 {[%clk 00:54:15]} {[%emt 00:07:48]} Rac8 {[%clk 00:56:19]} {[%emt
00:04:13]} 21. Ndb5 {[%clk 00:50:18]} {[%emt 00:04:28]} Qb8 {[%clk 00:52:38]}
{[%emt 00:04:11]} 22. Bf3 {[%clk 00:47:09]} {[%emt 00:03:38]} Be7 {[%clk
00:52:15]} {[%emt 00:00:53]} 23. Nd6 {[%clk 00:41:03]} {[%emt 00:06:36]} Bxd6
{[%clk 00:52:25]} {[%emt 00:00:20]} 24. Qb5 {[%clk 00:41:11]} {[%emt 00:00:22]}
a6 {[%clk 00:51:03]} {[%emt 00:01:52]} 25. Qe2 {[%clk 00:41:21]} {[%emt
00:00:20]} Bxh2+ {[%clk 00:51:00]} {[%emt 00:00:33]} 26. Kh1 {[%clk 00:41:33]}
{[%emt 00:00:18]} Be5 {[%clk 00:50:52]} {[%emt 00:00:37]} 27. Nxd5 {[%clk
00:41:05]} {[%emt 00:00:59]} Bxd5 {[%clk 00:50:54]} {[%emt 00:00:28]} 28. Bxd5
{[%clk 00:41:16]} {[%emt 00:00:20]} Ne7 {[%clk 00:49:33]} {[%emt 00:01:50]} 29.
b3 {[%clk 00:40:23]} {[%emt 00:01:23]} Nxd5 {[%clk 00:48:34]} {[%emt 00:01:30]}
30. f4 {[%clk 00:39:39]} {[%emt 00:01:13]} Nc3 {[%clk 00:47:24]} {[%emt
00:01:39]} 31. Rxd8+ {[%clk 00:39:55]} {[%emt 00:00:15]} Rxd8 {[%clk 00:47:47]}
{[%emt 00:00:07]} 32. Rxd8+ {[%clk 00:40:17]} {[%emt 00:00:09]} Qxd8 {[%clk
00:48:11]} {[%emt 00:00:06]} 33. Qc2 {[%clk 00:39:58]} {[%emt 00:00:48]} Qh4+
{[%clk 00:47:23]} {[%emt 00:01:18]} 34. Kg1 {[%clk 00:40:17]} {[%emt 00:00:11]}
Qe1+ {[%clk 00:47:24]} {[%emt 00:00:28]} 35. Kh2 {[%clk 00:40:37]} {[%emt
00:00:10]} Bf6 {[%clk 00:47:31]} {[%emt 00:00:24]} 36. Qd3 {[%clk 00:40:27]}
{[%emt 00:00:41]} Ne2 {[%clk 00:47:00]} {[%emt 00:01:00]} 37. Qd7 {[%clk
00:40:30]} {[%emt 00:00:27]} Qg1+ {[%clk 00:46:33]} {[%emt 00:00:57]} 38. Kh3
{[%clk 00:40:51]} {[%emt 00:00:09]} Qh1+ {[%clk 00:46:42]} {[%emt 00:00:21]}
39. Kg4 {[%clk 00:41:18]} {[%emt 00:00:04]} Qxg2+ {[%clk 00:46:57]} {[%emt
00:00:14]} 40. Kf5 {[%clk 00:41:37]} {[%emt 00:00:12]} Qg6# {[%emt 00:00:59]}
0-1

[Event "DVM U16w 2024"]
[Site "Neumünster GER"]
[Date "2024.12.27"]
[Round "1"]
[White "Jacobasch, Ronja"]
[Black "Stepanjan, Marianne"]
[Result "1-0"]
[Termination "normal"]
[Board "2.1"]
[WhiteElo "1801"]
[BlackElo "1779"]
[WhiteClock "00:05:57"]
[BlackClock "00:05:56"]
[WhiteTeam "SSV Altenberg"]
[BlackTeam "TuRa Harksheide 1945 Norderstedt"]
[PlyCount "59"]
[WhiteFideId "34604340"]
[BlackFideId "16246110"]
[EventCountry "GER"]
[EventRounds "7"]
[EventType "team-swiss"]
[EventDate "2024.12.26"]

1. c4 {[%clk 01:30:56]} {[%emt 00:00:04]} Nf6 {[%clk 01:30:56]} {[%emt
00:00:05]} 2. g3 {[%clk 01:31:17]} {[%emt 00:00:08]} g6 {[%clk 01:31:21]}
{[%emt 00:00:05]} 3. Bg2 {[%clk 01:31:40]} {[%emt 00:00:07]} Bg7 {[%emt
00:00:17]} 4. Nc3 {[%clk 01:31:40]} {[%emt 00:00:22]} O-O {[%clk 01:31:59]}
{[%emt 00:00:14]} 5. Nf3 {[%clk 01:31:48]} {[%emt 00:00:22]} d6 {[%clk
01:32:12]} {[%emt 00:00:18]} 6. O-O {[%clk 01:28:35]} {[%emt 00:03:42]} e5
{[%clk 01:30:32]} {[%emt 00:02:09]} 7. d4 {[%clk 01:24:18]} {[%emt 00:04:48]}
Nc6 {[%clk 01:25:26]} {[%emt 00:05:36]} 8. d5 {[%clk 01:10:22]} {[%emt
00:14:26]} Ne7 {[%clk 01:21:54]} {[%emt 00:04:02]} 9. e4 {[%clk 01:06:46]}
{[%emt 00:04:05]} Nh5 {[%clk 01:13:06]} {[%emt 00:09:18]} 10. h3 {[%clk
00:59:40]} {[%emt 00:07:36]} f5 {[%clk 01:00:58]} {[%emt 00:12:38]} 11. exf5
{[%clk 00:50:48]} {[%emt 00:09:23]} gxf5 {[%clk 00:58:33]} {[%emt 00:02:55]}
12. Nxe5 {[%clk 00:43:46]} {[%emt 00:07:32]} Nxg3 {[%clk 00:43:23]} {[%emt
00:15:40]} 13. fxg3 {[%clk 00:39:30]} {[%emt 00:04:45]} dxe5 {[%clk 00:38:54]}
{[%emt 00:05:00]} 14. Be3 {[%clk 00:32:39]} {[%emt 00:07:21]} Bd7 {[%clk
00:30:52]} {[%emt 00:08:32]} 15. Bc5 {[%clk 00:28:02]} {[%emt 00:05:07]} e4
{[%clk 00:22:26]} {[%emt 00:08:55]} 16. Bd4 {[%clk 00:22:57]} {[%emt 00:05:36]}
Rf7 {[%clk 00:19:07]} {[%emt 00:03:48]} 17. g4 {[%clk 00:13:51]} {[%emt
00:09:36]} fxg4 {[%clk 00:11:05]} {[%emt 00:08:32]} 18. Rxf7 {[%clk 00:13:49]}
{[%emt 00:00:33]} Kxf7 {[%clk 00:11:14]} {[%emt 00:00:20]} 19. Bxg7 {[%clk
00:13:37]} {[%emt 00:00:42]} Kxg7 {[%clk 00:11:30]} {[%emt 00:00:14]} 20. Qd4+
{[%clk 00:13:17]} {[%emt 00:00:50]} Kg8 {[%clk 00:11:20]} {[%emt 00:00:39]} 21.
Nxe4 {[%clk 00:12:03]} {[%emt 00:01:45]} gxh3 {[%clk 00:07:33]} {[%emt
00:04:16]} 22. Nf6+ {[%clk 00:10:02]} {[%emt 00:02:32]} Kf7 {[%clk 00:07:45]}
{[%emt 00:00:18]} 23. Nxd7 {[%clk 00:08:26]} {[%emt 00:02:07]} Qxd7 {[%clk
00:07:32]} {[%emt 00:00:42]} 24. Rf1+ {[%clk 00:08:19]} {[%emt 00:00:37]} Nf5
{[%clk 00:06:22]} {[%emt 00:01:41]} 25. Bxh3 {[%clk 00:07:53]} {[%emt
00:00:56]} Rg8+ {[%clk 00:06:49]} {[%emt 00:00:03]} 26. Kh1 {[%clk 00:07:12]}
{[%emt 00:01:11]} Rg5 {[%clk 00:06:27]} {[%emt 00:00:51]} 27. Qe5 {[%clk
00:06:26]} {[%emt 00:01:16]} Kg6 {[%clk 00:06:11]} {[%emt 00:00:46]} 28. Bxf5+
{[%clk 00:06:05]} {[%emt 00:00:51]} Rxf5 {[%clk 00:06:00]} {[%emt 00:00:41]}
29. Rg1+ {[%clk 00:05:52]} {[%emt 00:00:44]} Kh6 {[%clk 00:05:56]} {[%emt
00:00:34]} 30. Qe3+ {[%clk 00:05:57]} {[%emt 00:00:25]} 1-0

[Event "DVM U16w 2024"]
[Site "Neumünster GER"]
[Date "2024.12.27"]
[Round "1"]
[White "Petrosyan, Ani"]
[Black "Müller, Cosima"]
[Result "0-1"]
[Termination "normal"]
[Board "2.2"]
[WhiteElo "1683"]
[BlackElo "1757"]
[WhiteClock "00:25:28"]
[BlackClock "00:28:26"]
[WhiteTeam "TuRa Harksheide 1945 Norderstedt"]
[BlackTeam "SSV Altenberg"]
[PlyCount "86"]
[WhiteFideId "16248015"]
[BlackFideId "34601490"]
[EventCountry "GER"]
[EventRounds "7"]
[EventType "team-swiss"]
[EventDate "2024.12.26"]

1. Nf3 {[%clk 01:30:48]} {[%emt 00:00:10]} d5 {[%clk 01:30:57]} {[%emt
00:00:04]} 2. e3 {[%clk 01:30:41]} {[%emt 00:00:37]} Nf6 {[%clk 01:31:15]}
{[%emt 00:00:12]} 3. c4 {[%clk 01:31:03]} {[%emt 00:00:08]} c6 {[%clk
01:31:32]} {[%emt 00:00:12]} 4. Nc3 {[%clk 01:30:41]} {[%emt 00:00:52]} g6
{[%clk 01:31:29]} {[%emt 00:00:34]} 5. b3 {[%clk 01:29:42]} {[%emt 00:01:29]}
Bg7 {[%clk 01:31:05]} {[%emt 00:00:53]} 6. Bb2 {[%clk 01:28:57]} {[%emt
00:01:16]} O-O {[%clk 01:31:15]} {[%emt 00:00:20]} 7. Be2 {[%clk 01:29:18]}
{[%emt 00:00:08]} Nbd7 {[%clk 01:28:22]} {[%emt 00:03:23]} 8. d4 {[%clk
01:28:43]} {[%emt 00:01:05]} Re8 {[%clk 01:23:08]} {[%emt 00:05:45]} 9. O-O
{[%clk 01:20:04]} {[%emt 00:09:08]} Nf8 {[%clk 01:16:21]} {[%emt 00:07:17]} 10.
Rc1 {[%clk 01:14:33]} {[%emt 00:06:01]} Bg4 {[%clk 01:14:39]} {[%emt 00:02:12]}
11. cxd5 {[%clk 01:05:33]} {[%emt 00:09:31]} Nxd5 {[%clk 01:11:37]} {[%emt
00:03:30]} 12. Nxd5 {[%clk 01:03:47]} {[%emt 00:02:17]} Qxd5 {[%clk 01:07:30]}
{[%emt 00:04:37]} 13. Qd2 {[%clk 00:51:47]} {[%emt 00:12:31]} Nd7 {[%clk
00:48:54]} {[%emt 00:19:05]} 14. h3 {[%clk 00:50:53]} {[%emt 00:01:24]} Bxf3
{[%clk 00:42:49]} {[%emt 00:06:36]} 15. Bxf3 {[%clk 00:51:05]} {[%emt
00:00:18]} Qd6 {[%clk 00:42:16]} {[%emt 00:01:02]} 16. Rfd1 {[%clk 00:48:17]}
{[%emt 00:03:18]} Rad8 {[%clk 00:40:18]} {[%emt 00:02:28]} 17. Qe2 {[%clk
00:42:20]} {[%emt 00:06:27]} e6 {[%clk 00:36:56]} {[%emt 00:03:52]} 18. g3
{[%clk 00:37:20]} {[%emt 00:05:30]} Qe7 {[%clk 00:34:26]} {[%emt 00:03:00]} 19.
Bg2 {[%clk 00:36:29]} {[%emt 00:01:21]} Nf6 {[%clk 00:34:17]} {[%emt 00:00:39]}
20. Qc4 {[%clk 00:29:50]} {[%emt 00:07:09]} Nd5 {[%clk 00:27:10]} {[%emt
00:07:37]} 21. Qa4 {[%clk 00:26:10]} {[%emt 00:04:10]} a6 {[%clk 00:21:57]}
{[%emt 00:05:44]} 22. Ba3 {[%clk 00:20:37]} {[%emt 00:06:03]} Qf6 {[%clk
00:21:24]} {[%emt 00:01:03]} 23. Bc5 {[%clk 00:15:13]} {[%emt 00:05:53]} Bh6
{[%clk 00:19:12]} {[%emt 00:02:42]} 24. Bxd5 {[%clk 00:13:17]} {[%emt
00:02:27]} exd5 {[%clk 00:18:51]} {[%emt 00:00:51]} 25. Kg2 {[%clk 00:12:00]}
{[%emt 00:01:47]} Qf5 {[%clk 00:17:32]} {[%emt 00:01:48]} 26. Qb4 {[%clk
00:11:03]} {[%emt 00:01:27]} Qe4+ {[%clk 00:16:08]} {[%emt 00:01:54]} 27. Kh2
{[%clk 00:10:48]} {[%emt 00:00:46]} Qf3 {[%clk 00:12:27]} {[%emt 00:04:11]} 28.
Rf1 {[%clk 00:10:30]} {[%emt 00:00:48]} Rd7 {[%clk 00:10:35]} {[%emt 00:02:22]}
29. Qd2 {[%clk 00:09:57]} {[%emt 00:01:02]} Re6 {[%clk 00:10:11]} {[%emt
00:00:55]} 30. Qd1 {[%clk 00:09:05]} {[%emt 00:01:21]} Qe4 {[%clk 00:09:28]}
{[%emt 00:01:13]} 31. b4 {[%clk 00:09:07]} {[%emt 00:00:28]} Rf6 {[%clk
00:08:07]} {[%emt 00:01:52]} 32. a4 {[%clk 00:07:44]} {[%emt 00:01:53]} b5
{[%clk 00:06:17]} {[%emt 00:02:20]} 33. axb5 {[%clk 00:07:36]} {[%emt
00:00:38]} cxb5 {[%clk 00:06:28]} {[%emt 00:00:19]} 34. Ra1 {[%clk 00:06:30]}
{[%emt 00:01:36]} Rd8 {[%clk 00:04:40]} {[%emt 00:02:19]} 35. Qe2 {[%clk
00:05:31]} {[%emt 00:01:28]} Re8 {[%clk 00:03:32]} {[%emt 00:01:39]} 36. Ra5
{[%clk 00:04:28]} {[%emt 00:01:32]} Ree6 {[%clk 00:02:52]} {[%emt 00:01:09]}
37. Raa1 {[%clk 00:02:54]} {[%emt 00:02:05]} Rf3 {[%clk 00:02:21]} {[%emt
00:01:00]} 38. Rac1 {[%clk 00:02:13]} {[%emt 00:01:12]} Ref6 {[%clk 00:01:59]}
{[%emt 00:00:52]} 39. Ba7 {[%clk 00:01:46]} {[%emt 00:00:56]} Qe6 {[%clk
00:02:01]} {[%emt 00:00:28]} 40. Bc5 {[%clk 00:01:17]} {[%emt 00:00:59]} Bg5
{[%clk 00:01:18]} {[%emt 00:01:13]} 41. h4 {[%clk 00:27:54]} {[%emt 00:03:53]}
Bxh4 {[%clk 00:27:52]} {[%emt 00:03:56]} 42. gxh4 {[%clk 00:25:02]} {[%emt
00:03:22]} Qh3+ {[%clk 00:28:06]} {[%emt 00:00:16]} 43. Kg1 {[%clk 00:25:28]}
{[%emt 00:00:05]} Qg4+ {[%clk 00:28:26]} {[%emt 00:00:10]} 0-1